000 00348nam a2200145Ia 4500
005 20251222141924.0
008 251222s9999||||xx |||||||||||||| ||spa||
020 _a978-612-4342-00-4-64-7
082 _a468/V43
100 _aVelezmoro Contreras, Úrsula
245 0 _aCuaderno de Estilo
250 _a1a.ed.
264 _bCaja Negra
942 _cLIB
999 _c8819
_d8819